000 00563nam a2200205Ia 4500
005 20250508154716.0
008 008 250505s9999 xx 000 0 eng d
037 _aTextual
040 _aFEDL
_beng
_cFEDL
041 _aeng
_2eng
084 _a150.1, WOL
_qFEDL
100 _aWolman Benjamin B
245 0 _aContemporary theories and systems in psychology
260 _aNew York, USA
_bHarper and Row
_c1960
300 _ax,613p.
365 _aINR
_b26.25
650 _aPsychology
942 _cTEXL
_h150.1, WOL
999 _c1351711
_d1351711